000
00306nam a22001217a 4500
008
160520b xxu||||| |||| 00| 0 eng d
020
_a
9781452220154
020
_a
9781452220154
041
_a
eng
080
_a
579
245
_a
Keeping the republic:
_c
Christine Barbour; Gerald C. Wright;
942
_2
udc
_c
BK
999
_c
2315
_d
2315